| 000 | 00583nam a22001937a 4500 | ||
|---|---|---|---|
| 003 | OSt | ||
| 005 | 20140310182755.0 | ||
| 008 | 130205t xxu||||| |||| 00| 0 eng d | ||
| 020 | _a0619215593 | ||
| 050 |
_aQA 76.9 _b.Af258 2006 |
||
| 100 | _aAfyouni, Hassan A. | ||
| 245 |
_aDatabase security and auditing : _bprotecting data integrity and accessibility / _cHassan A. Afyouni. |
||
| 260 |
_aAustralia : _bThomson Course Technology, _c2006. |
||
| 300 |
_a429 p. : _c23.4 cm. _bill. ; |
||
| 521 | _aIT | ||
| 650 | _aDatabases security | ||
| 942 |
_2lcc _cBK _kFOR |
||
| 999 |
_c15847 _d15847 |
||